01098 a2200205 4500020001500000050002000015100002600035110003700061245014700098264003200245300003100277500043700308650001600745650002500761650001500786650002300801650002900824651001200853700002700865 a0944823181 aPN4735 CHE 1999 aChasan, Aliceeeditor aCommittee to Protect Journalists aAttacks on the Press in 1998 :bworldwide survey /cAlice Chasan; Jesse T Stone; Committee to Protect Journalists; preface by Sylvia Poggioli. aNew York :bCPJ, c♭1999. aviii, 439 pages : b maps  aCover title. "March 1999"--Spine. "The Committee to Protect Journalist is most grateful to the following foundations and corporations ... A.H. Belo Corporation Foundation, The Ford Foundation, The Freedom Forum, John S. and James L. Knight Foundation, Robert R. McCormick Trubune Foundation, Joyce Mertz-Gilmore Foundation, Samuel I. Newhouse Foundation Inc., Open Society Institute, St. Petersburg Times and the Tinker Foundation." aJournalists aFreedom of the press aCensorship aPress and politics aGovernment and the press aNigeria aStone, Jess T.eeditor